Investigación social y estadística aplicada

Spremljeno u:
Bibliografski detalji
Glavni autor: Velasco Barraza, Carlos Rubén (Autor)
Format: Knjiga
Jezik:španjolski
Izdano: Antofagasta Universidad del Norte 1986
Serija:Programa Administración Educacional
Teme:
Oznake: Dodaj oznaku
Bez oznaka, Budi prvi tko označuje ovaj zapis!

MARC

LEADER 00000nam a2200000 a 4500
001 UCW4477
003 CL-VaPUC
008 900416e19860000CL |||||||||||||||||spa|d
082 0 4 |a 370.78  |b VEL  |2 21 
100 0 |a Velasco Barraza, Carlos Rubén  |e author  |9 309225 
245 1 0 |a Investigación social y estadística aplicada 
300 |a 385 p 
942 |c BK 
945 |d 19900416 00:00:00 
260 |a Antofagasta  |b Universidad del Norte  |c 1986 
650 0 |a Administración de la enseñanza   |9 261034 
650 0 |a Gestión educacional   |9 261035 
650 0 |a Investigación educacional   |9 261192 
650 7 |a ESTADISTICA EDUCATIVA  |2 CL-VaPUC  |9 307023 
651 7 |a CHILE  |2 CL-VaPUC  |9 309226 
583 |a last modification  |c 20170427 11:34:32  |k Rodrigo Vera 
490 0 |a Programa Administración Educacional 
999 |c 218202  |d 218200 
952 |0 0  |1 0  |4 0  |6 370_780000000000000_VEL_1986  |7 0  |8 P  |9 207274  |a BIBEDU  |b BIBEDU  |c BIBEDU_PB  |d 2019-11-15  |i 2750759  |o 370.78 VEL 1986  |p 2750759  |r 2024-01-25  |w 2019-11-15  |y BK  |k EDU 
952 |0 0  |1 0  |4 0  |6 370_780000000000000_VEL_1986  |7 0  |8 P  |9 207275  |a BIBEDU  |b BIBEDU  |c BIBEDU_PB  |d 2019-11-15  |i 2750767  |o 370.78 VEL 1986  |p 2750767  |r 2024-01-25  |w 2019-11-15  |y BK  |k EDU